Lexique exotique - Andalousie - Statistiques

Statistiques générales
  • Ce quiz a été pris 185 fois
  • Le résultat moyen est 10 sur 15
Statistiques - réponses
Question Réponse % Correct
Tapas (nom) Assortiments de petits mets à partager
100%
Patio (nom) Cour intérieure
97%
Flamenco (nom) Genre musical très expressif, associant chant et danse
97%
Alcazar (nom) Palais arabe fortifié
90%
Wisigoth (nom) Peuple germanique qui s'est installé ici
77%
Bailaor (nom) Danseur traditionnel
74%
Xérès (nom) Vin blanc sec ou vinaigre
74%
Morisque (adj. et nom) Musulman espagnol converti de force au christianisme
55%
Mudéjar (adj.) Se dit de l'art chrétien basé sur l'art musulman préexistant
55%
Azulejo (nom) Carreau de faïence
48%
Mantille (nom) Longue écharpe drapée sur la tête
48%
Taïfa (nom) Royaume musulman indépendant
42%
Dehesa (nom) Domaine agricole accessible par tous les habitants
35%
Parador (nom) Hôtel dans un monument historique
35%
Grenadine (adj. f.) Provenant de la ville de Grenade
35%
Aucun quiz correspondant
Distribution des résultats
% des personnes avec chaque résultat
Percentile par nombre de réponses
Votre historique - résultats
Vous n’avez pas pris ce quiz